000 05971cam a22019454i 4500
003 PE-LiUPU
005 20250813165415.0
008 150617s1987 mx r 000 0 spa d
020 _a9682511690
020 _a9789682511691
035 _a(Sirsi) i9789682511691
040 _aPE-LiUPU
_bspa
_cPE-LiUPU
_dPE-LiUPU
_erda
049 _aPRUA
082 0 4 _a610.7367154
_bP68
_221
082 0 4 _a610.7367
_bP68 1987
100 1 _aPotter, Diana Odell,
_eautor.
245 1 0 _aUrgencias en enfermería /
_cDiana Odell Potter.
264 1 _aMéxico :
_bInteramericana,
_c1987.
300 _a871 páginas ;
_c23 centímetros
336 _atext
_2rdacontent
337 _aunmediated
_2rdamedia
338 _avolume
_2rdacarrier
505 0 _aFundamentos de los cuidados de urgencias -- Aspectos legales de las urgencias -- Evaluaciones e intervención en casos de urgencia -- Urgencias de vías respiratorias -- Urgencias cardiovasculares -- Urgencias neurológicas -- Urgencias gastrointestinales -- Urgencias del sistema musculo esquelético -- Urgencias de ojos, oídos, nariz y garganta -- Urgencias endocrinas y metabólicas -- Urgencias hematológicas -- Urgencias ginecoobstetricia -- Urgencias de vías genitourinarias -- Choque -- Quemaduras -- Urgencias de causa ambiental -- Intoxicaciones y urgencias por abuso de drogas.
526 _aP203
526 _aP200
526 _aSEG65
526 _aSEG64
526 _aSEG63
526 _aSEG62
526 _aSEG61
526 _aSEG60
526 _aSEG59
526 _aSEG58
526 _aSEG57
526 _aSEG56
526 _aSEG55
526 _aSEG54
526 _aSEG53
526 _aSEG52
526 _aSEG51
526 _aSEG50
526 _aSEG49
526 _aSEG48
526 _aSEG47
526 _aSEG46
526 _aSEG24
526 _aSEG23
526 _aSEG22
526 _aSEG21
526 _aSEG20
526 _aSEG19
526 _aSEG18
526 _aSEG17
526 _aSEG16
526 _aSEG14
526 _aSEG13
526 _aSEG12
526 _aSEG11
526 _aSEG10
526 _aSEG09
526 _aSEG06
526 _aSEG05
526 _aSEG04
526 _aSEG03
526 _aSEG02
526 _aSEG68
526 _aSEG66
526 _aSEG45
526 _aSEG25
526 _aSEG01
526 _aP163
526 _aP162
526 _aP161
526 _aP160
526 _aP159
526 _aP158
526 _aP157
526 _aP156
526 _aP155
526 _aP154
526 _aP153
526 _aP152
526 _aP151
526 _aP150
526 _aP149
526 _aP142
526 _aP141
526 _aP140
526 _aP139
526 _aP138
526 _aP137
526 _aP132
526 _aP131
526 _aP130
526 _aP126
526 _aP125
526 _aP124
526 _aP123
526 _aP115
526 _aP122
526 _aP121
526 _aP116
526 _a P114
526 _aP112
526 _aP111
526 _aP104
526 _aP103
526 _aP102
526 _aP101
526 _aP100
526 _aP96
526 _aP95
526 _aP93
526 _aP92
526 _aP91
526 _aP88
526 _aP83
526 _aP82
526 _aP79
526 _aP78
526 _aP75
526 _aP74
526 _aP71
526 _aP69
526 _a P51
526 _aP49
526 _aP48
526 _aP47
526 _aP33
526 _aP31
526 _a P30
526 _aP29
526 _aP27
526 _aP26
526 _aP25
526 _aP24
526 _a P22
526 _aP10
526 _aP09
526 _a P08
526 _aP06
526 _aP05
526 _aP04
526 _aP01
650 0 4 _aEnfermería quirúrgica
_xUrgencias hematológicas.
910 _ajck
_bjvq
_cjck
_d20150616
910 _ctqv
_d20170628
942 _2ddc
_cBOOK
949 _a610.7367154 P68
_wDEWEY
_c1
_i33915
_lCCODEBUL1
_mBUL
_r0
_sY
_tBOOK
_u2015-6-17
_xSALUD
_zUNKNOWN
_0COMPRA
_o.STAFF. Colección General
949 _a610.7367154 P68
_wDEWEY
_c2
_i35493
_lCCODEBUL1
_mBUL
_r0
_sY
_tBOOK
_u2015-4-21
_xSALUD
_zUNKNOWN
_0COMPRA
_o.STAFF. Colección General
949 _a610.7367154 P68
_wDEWEY
_c3
_i35378
_lCCODEBUL1
_mBUL
_r0
_sY
_tBOOK
_u2015-4-21
_xSALUD
_zUNKNOWN
_0COMPRA
_o.STAFF. Colección Ciencias de la Salud
949 _a610.7367 P68 1987
_wDEWEY
_c1
_iFJ06261
_lCCODEBUJ1
_mBUJ
_p40.00
_r0
_sY
_tBOOK
_u2017-06-28
_xFCE
_PP08
_0COMPRA
_o.STAFF. Colección General Juliaca
949 _a610.7367 P68 1987
_wDEWEY
_c2
_iFJ06260
_lCCODEBUJ1
_mBUJ
_p40.00
_r0
_sY
_tBOOK
_u2017-07-20
_xFCE
_PP08
_0COMPRA
_o.STAFF. Colección General Juliaca
994 _aC0
_bPEPRU
596 _a1 3
999 _a610.7367154 P68
_wDEWEY
_c17539
_i33915
_d17539
_f2019-12-11
_g4
_lDISCARD
_mBUL
_q1
_r1
_sY
_tBOOK
_u2015-6-17
_xSALUD
_zUNKNOWN
_0COMPRA
_o.STAFF. Colección General
999 _a610.7367154 P68
_wDEWEY
_c2
_i35493
_d2018-11-2
_f2019-12-11
_g4
_lDISCARD
_mBUL
_q1
_r1
_sY
_tBOOK
_u2015-4-21
_xSALUD
_zUNKNOWN
_0COMPRA
_o.STAFF. Colección General
999 _a610.7367154 P68
_wDEWEY
_c3
_i35378
_d2019-10-23
_e2018-11-5
_f2021-11-3
_g5
_lCCODEBUL1
_mBUL
_n1
_p40.00
_q1
_r0
_sY
_tBOOK
_u2015-4-21
_xSALUD
_zP22
_0COMPRA
_o.STAFF. Colección Ciencias de la Salud
999 _a610.7367154 P68
_wDEWEY
_c1
_iFJ06260
_d2019-5-9
_e2019-5-6
_f2022-1-25
_g4
_lCCODEBUJ1
_mBUJ
_n1
_p40.00
_q2
_r0
_sY
_tBOOK
_u2017-1-30
_xSALUD
_PP22
_0COMPRA
_o.STAFF. Colección General Juliaca
999 _a610.7367154 P68
_wDEWEY
_c2
_iFJ06261
_d2017-10-2
_f2022-1-25
_g4
_lCCODEBUJ1
_mBUJ
_p40.00
_q1
_r0
_sY
_tBOOK
_u2017-1-30
_xSALUD
_PP22
_0COMPRA
_o.STAFF. Colección General Juliaca
980 _81
_gALBERTO SANCHEZ Responsable de Automatización